000 00778nam a2200205 i 4500
001 189945
003 ES-MaACL
005 20250902073148.0
008 200221s1970 sp |||| | spa d
245 0 0 _aReglamentos electrotécnicos de alta y baja tensión
_b: Disposiciones de caracter general. Reglamento de Centrales Generadoras de Energía Eléctrica... Disposiciones complementarias.
260 _aMadrid :
_bGarcia Enciso,
_c1970.
300 _a240 p. ;
_c16 cm.
490 1 _aColección "García Enciso"
650 0 4 _aLíneas eléctricas.
_914461
650 0 4 _aCentrales eléctricas.
_910882
650 _aInstalaciones eléctricas.
_913826
830 0 0 _aColección "García Enciso"
_9176884
852 _aES-MaACL
_jP-1332-27
999 _c189945
_d189945